NBA Player’s college - Statistics

General Stats
  • This quiz has been taken 36 times
  • The average score is 9 of 15
Answer Stats
Hint Answer % Correct
Shaquille O'Neal Louisiana State
91%
Isaiah Thomas Indiana
85%
Allen Iverson Georgetown
79%
Shai Gilgeous-Alexander Kentucky
79%
Draymond Green Michigan State
79%
Chris Paul Wake Forest
79%
Larry Bird Indiana State
74%
Wilt Chamberlain Kansas
62%
Isaiah Thomas Washington
59%
Damian Lillard Webber State
59%
John Stockton Gonzaga
56%
Khris Middleton Texas A&M
41%
Scottie Pippen Central Arkansas
24%
Dell Curry Virginia Tech
18%
George Mikan DePaul
12%
No matching quizzes found
Score Distribution
Percent of People with Each Score
Percentile by Number Answered
Your Score History
You have not taken this quiz